|
|
|
|
| LEADER |
01124nam a2200337 a 4500 |
| 001 |
000012253 |
| 003 |
CZ BrMZK |
| 005 |
20090213112620.0 |
| 007 |
ta |
| 008 |
930625s1993 xr f cze d |
| 015 |
|
|
|a cnb000077317
|
| 020 |
|
|
|c 60.00
|
| 035 |
|
|
|a (OCoLC)39594213
|
| 040 |
|
|
|a BOA001
|b cze
|
| 080 |
|
|
|a 82.085.2
|2 MRF
|
| 080 |
|
|
|a 800
|2 MRF
|
| 100 |
1 |
|
|a Macurová, Alena,
|d 1946-
|7 jk01072822
|
| 245 |
1 |
0 |
|a Text a komunikace :
|b Jazyk v literárním díle a ve filmu /
|c Alena Macurová, Petr Mareš
|
| 250 |
|
|
|a 1. vyd.
|
| 260 |
|
|
|a Praha :
|b Karolinum,
|c 1993
|
| 300 |
|
|
|a 173 s.
|
| 490 |
1 |
|
|a Acta Universitatis Carolinae. Philologica. Monographia ;
|v 1991, 117
|
| 500 |
|
|
|a Bibliogr. s. 164-173
|
| 653 |
0 |
|
|a jazyková komunikace
|
| 700 |
1 |
|
|a Mareš, Petr,
|d 1954-
|7 jo20000080320
|
| 830 |
|
0 |
|a Acta Universitatis Carolinae.
|p Philologica.
|p Monographia
|0 s
|
| 910 |
|
|
|a BOA001
|b 2-0990.927
|b PK-0119.374
|
| 962 |
|
|
|a 800
|
| 964 |
|
|
|a Jazyk - komunikace - díla literární
|
| 990 |
|
|
|a BK
|
| 996 |
7 |
|
|b 2610001372
|c 2-0990.927
|l MZK
|r Sklad / do 1 hodiny
|n 79
|p p.v.
|w 000012253
|u 000010
|a 1
|e BOA001
|j MZK50
|s A
|